1947 1287 1150 1830 1170 1939 1164 1481 1577 1141 1765 1630 1102 1328 1808 1131 1019 1405 1530 1692 1818 1805 1763 1974 1466 1093 1997 1836 1241 1900 1923 1804 1450 1112 1443 1681 1435 1243 1772 1537 1333 1468 1354 1428 1468 1645 1360 1333 1657 1790 1250 1361 1957 1883 1822 1966 1050 1484 1738 1000 1241 1597 1093 1411 1376 1851 1671 1311 1818 1355 1614 1794 1755 1069 1190 1700 1715 1033 1227 1559 1645 1230 1622 1943 1735 1078 1618 1012 1150 1867 1151 1774 1863 1674 1250 1694 1642 1210 1464 BCNSPRNW ULIB Ver.6.0+V

เปลี่ยนเป็นภาษาไทย

Change to English
 แสดงรายละเอียดบรรณานุกรม
  กลับหน้าหลัก

Brief Record : Get Marc (ISO 2709) : E-mail record : QR code < ปิดหน้าต่าง
LEADER : 00000nam 2200000uu 4500
001    13399127164
003     ULIB
008    191018s2562||||th 000 0 tha d
020 ^- ^a9786160036073
050 ^- ^aนว.^bบ895อ^cล.2
100 ^- ^aแบมแบม.
245 10 ^aอาณาจักรพระอาทิตย์ เล่ม 1- 2 (SETTING SUN) /^cแบมแบม.
250 ^- ^aพิมพ์ครั้งที่ 1.
260 ^- ^aปทุมธานี :^bDeep,^c2562
300 ^- ^a301 หน้า.
945    ^p325^l0^i006350
999    ^aประนอม เกษจรัล
รายการนี้ยังไม่มีแท็ก
คุณยังไม่ได้ล็อกอิน คุณสามารถมีกิจกรรมร่วมกับเว็บไซต์ได้ แต่ต้องล็อกอินก่อน ::
  ล็อกอิน

รายการสื่อสารสนเทศ

ลำดับที่ ประเภท เลขเรียก/บาร์โค้ด สถานที่ สถานะ
1. นวนิยาย
นวนิยาย
นว. บ895อ ล.2 ฉ.1 
  Barcode: 006350
ห้องสมุดวิทยาเขตนครสวรรค์
►นวนิยาย:l:Fiction
บนชั้น

รายการใกล้เคียง
    ผู้แต่ง [แบมแบม.]

BibComment


ยังไม่เคยถูกคอมเมนท์

คอมเมนท์ทรัพยากรรายการนี้
  คอมเมนท์: อาณาจักรพระอาทิต..


 Copyright 2026. Bcnsprnw @Library